| 000 | 00790nam a2200265 a 4500 | ||
|---|---|---|---|
| 001 | BRL_1116 | ||
| 005 | 20190320211036.0 | ||
| 008 | 121113s1982----nyua######---#000-0#eng-# | ||
| 020 | _a0030557364 | ||
| 041 | _aeng | ||
| 044 | _anyu | ||
| 050 | 4 |
_aF1219.73 _b.B47 1982 |
|
| 100 | 1 |
_aBerdan, Frances F. _925832 |
|
| 245 | 1 | 0 |
_aThe aztecs of central Mexico _ban imperial society _cby Frances F. Berdan. |
| 260 |
_aNew York _bHolt, Rinehart & Winston _c1982 |
||
| 300 |
_axi, 195 p. _bil. _c24 cm. |
||
| 440 | 0 |
_aCase studies in cultural antropology _925833 |
|
| 500 | _aAu1303 | ||
| 500 | _aIncluye dedicatoria a Ruth Lechuga. (carta) | ||
| 504 | _aBibbliografía: p. 189-195 | ||
| 650 | 1 | 4 |
_aAztecas _92396 |
| 650 | 1 | 4 |
_aIndígenas de México _94678 |
| 902 | _aGRL | ||
| 942 |
_2lcc _cB |
||
| 999 |
_c9928 _d9928 |
||